00956nam a2200217 i 450000100060000000300090000600500170001500700030003200800410003508000270007608000110010310000420011424501970015626000960035330000300044960000420047961000450052185200330056699900170059995201220061614728ES-MaACL20230906150855.0t|990528s1998 sp ||||1| spa d a929 Masarnau, Santiago a267.251 aFlores Auñón, Juan Carlos.95127210aSemblanza biográfica, Santiago Masarnau Fernández, seglar b: fundador y primer presidente de la Sociedad de San Vicente de Paúl en España (1805-1882) / cJuan Carlos Flores Auñón. aMadrid : bOzanam, Organo de las Conferencias de San Vicente de Paúl en España, c1998. a100 p. : bil. ; c24 cm.14aMasarnau, Santiago,d1805-188297866927aSociedad de San Vicente de Paúl.96693 aES-MaACLjL-21921 bR.127240 c14728d14728 00104070aATENEOMbATENEOMcDEPO2d2008-01-17eSCl0oL-21921p1014977r2023-02-23 00:00:00w2023-02-23yMONOGRAFIA